Desportos radicais para bruxas (Registo nº 3273)

Detalhes MARC
000 -Etiqueta do registo
Cabeçalho 00808nam a22002891 4500
005 - Identificador da versão
Campo de controlo 20240813121957.0
010 ## - Número internacional normalizado dos livros (ISBN)
Número (ISBN) 9727597343
021 ## - Número do Depósito Legal
Código do país PT
Número 207995/04
100 ## - Dados gerais de processamento
Dados gerais de processamento 20050913d2004 c y0pory5003 ba
102 ## - Pais de publicação ou produção
País de publicação Portugal
101 0# - Língua de publicação
Língua do texto, banda sonora, etc. Português
106 ## - Campo de dados codificados: material textual
Dados codificados do material textual r
105 ## - Campo de dados codificados: livros
Dados codificados dos livros a z 000fy
215 ## - Descrição física 
Indicação específica da natureza do documento e extensão da espécie [28] p.
Outras indicações físicas il.
Dimensões 22 cm
200 1# - Titulo e menção de responsabilidade
Título próprio Desportos radicais para bruxas
Primeira menção de responsabilidade Nicha Alvim
Outras menções de responsabilidade il. Madalena Matoso
225 2# - Colecção 
Título próprio da colecção Histórias da bruxa Cornélia
Indicação de volume 4
205 ## - Menção da edição
Menção da edição 1ª ed
210 ## - Publicação, Distribuição, etc. 
Lugar da edição, distribuição, etc. Lisboa
Nome do editor, distribuidor, etc. Temas e Debates
Data da publicação, distribuição, etc. 2004
606 ## - Nome comum usado como assunto
Número de registo de entrada de autoridade 0000029
Palavra de ordem Literatura portuguesa infantil
Subdivisão de assunto Conto
675 ## - Classificação Decimal Universal (CDU)
Notação 821.134.3-34
Edição
Língua da edição por
702 #1 - Nome de autor-pessoa física (responsabilidade secundária)
Número de registo de entrada de autoridade 0000985
Palavra de ordem Matoso
Outra parte do nome não tomada para palavra de ordem Madalena
Código de função Ilustrador / Técnico de desenho computorizado
700 #1 - Nome de autor-pessoa física (responsabilidade principal)
Número de registo de entrada de autoridade 0000984
Palavra de ordem Alvim
Outra parte do nome não tomada para palavra de ordem Nicha
942 ## - Elementos de entrada adicionados (Koha)
Tipo de item no Koha Livro
Exemplares
Situação do levantamento Origin of item (home branch) (coded) Biblioteca de empréstimo Código de barras Cota Circulation type (not for loan) Tipo de documento Nota do exemplar Damaged status
  Biblioteca Escolar da Coca Maravilhas Biblioteca Escolar da Coca Maravilhas BECM7165/05 8POR ALV   Livro Sem mensagem